000 00214nam a22000857a 4500
008 170206b xxu||||| |||| 00| 0 eng d
100 _92782
_aSiddiq.N.
245 _aFastract Computer-4
260 _aNew Delhi
_bGurdas
_c2009
999 _c5977
_d5977